000 00478cam a22001217a 4500
008 180718b1978 xxu||||| |||| 00| 0 eng d
020 _a0 11 320250 4
082 _aQ48x42 Un3
245 _aHappier old age : a discussion document on elderly people in our society
_cby Department of Health And Social Security Welsh Office, London
260 _aLondon
_bHer Majesty's Sationery Office
_c1978
300 _a44p.
700 _aU.K. Department of Health And Social Security Welsh Office
999 _c495475
_d495475